000
00318nam a22001337a 4500
005
20230726150953.0
008
230726b ||||| |||| 00| 0 eng d
040
_c
AL
041
_a
eng
100
_a
Dosuza Lourence
_9
128478
245
_a
Kanjare bhat
260
_a
Bijapur
_b
Unesco Learning
_c
2004
942
_2
ddc
_c
BK
999
_c
228151
_d
228151